| 000 | 00372nam a2200145Ia 4500 | ||
|---|---|---|---|
| 008 | 230917s9999||||xx |||||||||||||| ||und|| | ||
| 040 |
_e60553 _aMAIN |
||
| 041 | _aEnglish | ||
| 082 | _a587 R183I | ||
| 100 | _aRashid, A | ||
| 245 | 0 | _aIntroduction to pteridophyta: diversity and differentiation | |
| 260 |
_aNew Delhi _bVani _c1985 |
||
| 300 | _axi, 283 p. | ||
| 942 | _cBK | ||
| 999 |
_c46768 _d46768 |
||